000 00287nam a22001217a 4500
999 _c534343
_d534343
040 _cMSOHAIL
082 _2297.124
100 _aDr. Hameed Ullah
_928481
245 _aDuniya ka Kadeem Tareen Majmua Hadees
260 _aLahore
_bBeacon Box
_cc2007
300 _a288;p
942 _2ddc
_cBK